Movies by Description 2 - Statistics

General Stats
  • This quiz has been taken 28 times
  • The average score is 9 of 20
Answer Stats
Description Movie % Correct
19) Maine town is terrorized by a killer clown from the sewers It
87%
10) FBI agent recruits the help of an imprisoned cannibal killer tocatch another serial killer Silence of the Lambs
74%
4) Teens encounter a terrifying witch like entityin the remote Maryland woods The Blair Witch Project
74%
14) Young girl is possessed by a demon and Catholic priests arecalled to rid her of it The Exorcist
74%
9) Man gives wife a doll that comes to life after a satanic cult infusesit with an evil spirit Annabelle
61%
2) Unexplainable, gruesome accidents followpeople who escaped previous disasters but cannot escape Death Final Destination
61%
15) Journalist discovers a cursed video tape that causes thosewho watch it to die within 7 days The Ring
61%
20) Black male visits his white girlfriends family and is terrorized by them Get Out
57%
12) Antarctic research team is terrorized by a shape shifting alien that stalks them The Thing
52%
1) Giant, man eating worms terrify workers in remote Nevada Tremors
48%
6) The Freeling family home is the host of violent, supernaturalentities who abduct the youngest daughter into another dimension Poltergeist
39%
11) American diplomat and his family adopt a young boy thatmay be the Antichrist The Omen
39%
13) Couple traveling the Midwest find a strange town run bya murderous cult of kids Children of the Corn
35%
18) Kid buys a Plymouth car that comes to life and starts killing his peers Christine
30%
5) Friends canoeing in rural Georgia encountera pack of sinister backwoods locals who hunt them Deliverance
30%
16) Tokyo house is cursed by a vengeful spirit who terrifies thosewho visit The Grudge
30%
3) Road tripping family encounter violent inbredcannibals in a remote desert The Hills Have Eyes
30%
8) The Lutz family experience supernatural terror in a haunted Long Island home that eventually drives them out The Amityville Horror
26%
17) Biological weapon crash causes water in an Iowa town to turn the residents into homicidal maniacs The Crazies
17%
7) Family in CT town move into a funeral parlor and haunted by a demon that preys on their sick son The Haunting in Connecticut
9%
No matching quizzes found
Score Distribution
Percent of People with Each Score
Percentile by Number Answered
Your Score History
You have not taken this quiz